000 00302nam a2200097Ia 4500
008 220204s9999 xx 000 0 und d
082 _a631:50-051
_bSAA
245 0 _aAgricultural scientists and technologists of SAARC countries
260 _a Bagladesh
_bAgricultural Information Centre
_c1993
942 _cBK
999 _c43665
_d43665